|
|
|
|
| LEADER |
02256nam a2200469 4500 |
| 001 |
ocn844049985 |
| 003 |
OCoLC |
| 005 |
20170124070413.6 |
| 006 |
m o d |
| 007 |
cr cnu|||unuuu |
| 008 |
130522s2011 iau of 000 0 eng d |
| 040 |
|
|
|a DG1
|b eng
|e rda
|c DG1
|d CUS
|d CUI
|d CUS
|d NOC
|d OCLCO
|d OCLCF
|d OCLCO
|d OCLCQ
|d YDXCP
|d OCL
|d GrThAP
|
| 019 |
|
|
|a 902649393
|
| 020 |
|
|
|a 9781118704172
|q (electronic bk.)
|
| 020 |
|
|
|a 1118704177
|q (electronic bk.)
|
| 020 |
|
|
|z 9781118690574
|
| 029 |
1 |
|
|a AU@
|b 000051629110
|
| 029 |
1 |
|
|a NZ1
|b 15340603
|
| 029 |
1 |
|
|a GBVCP
|b 786695153
|
| 029 |
1 |
|
|a DEBBG
|b BV043395914
|
| 035 |
|
|
|a (OCoLC)844049985
|z (OCoLC)902649393
|
| 050 |
|
4 |
|a HN49.V64
|b .M68 2011
|
| 082 |
0 |
4 |
|a 658/.048
|2 23
|
| 049 |
|
|
|a MAIN
|
| 245 |
0 |
0 |
|a Motivating volunteers :
|b 109 techniques to maximize volunteer involvement & productivity.
|
| 264 |
|
1 |
|a Sioux City, Iowa :
|b Stevenson, Inc.,
|c 2011.
|
| 300 |
|
|
|a 1 online resource (49 pages)
|
| 336 |
|
|
|a text
|b txt
|2 rdacontent
|
| 337 |
|
|
|a computer
|b c
|2 rdamedia
|
| 338 |
|
|
|a online resource
|b cr
|2 rdacarrier
|
| 500 |
|
|
|a "Edited by Scott C. Stevenson"--Running title area.
|
| 505 |
0 |
|
|a Setting Ground Rules: Goals, Expectations & Useful Tools -- Uncover What Matters Most to Your Volunteers -- Training & Educational Procedures Help to Energize -- Use Inspiration and Incentives as Motivators -- Work to Build Volunteers' Confidence and Loyalty -- Inject Teamwork and Fun into the Experience -- Turn Potential Negatives into Positives -- Recognition and Appreciation Measures -- Regular and Varied Communication is Critical -- How Others are Energizing Volunteers.
|
| 588 |
0 |
|
|a Online resource; title from PDF title page (Wiley; viewed on May 22, 2013).
|
| 650 |
|
0 |
|a Volunteers
|x Management
|v Handbooks, manuals, etc.
|
| 650 |
|
0 |
|a Nonprofit organizations
|x Management
|v Handbooks, manuals, etc.
|
| 650 |
|
7 |
|a Nonprofit organizations
|x Management.
|2 fast
|0 (OCoLC)fst01038913
|
| 650 |
|
7 |
|a Volunteers
|x Management.
|2 fast
|0 (OCoLC)fst01169128
|
| 655 |
|
4 |
|a Electronic books.
|
| 655 |
|
7 |
|a Handbooks and manuals.
|2 fast
|0 (OCoLC)fst01423877
|
| 700 |
1 |
|
|a Stevenson, Scott C.,
|e editor.
|
| 856 |
4 |
0 |
|u https://doi.org/10.1002/9781118704172
|z Full Text via HEAL-Link
|
| 994 |
|
|
|a 92
|b DG1
|